| 000 | 00721nam a2200241 a 4500 | ||
|---|---|---|---|
| 008 | |||
| 020 | _a0256020280 (cased) | ||
| 049 | _aMAIN | ||
| 090 |
_aHF1359 _bKIN |
||
| 100 | 1 | _aKindleberger Charles P. | |
| 245 | 1 | 0 |
_aInternational economics / _cCharles P. Kindleberger and Peter H. Lindert. |
| 250 | _a6th ed. | ||
| 260 |
_aHomewood : _bRichard D. Irwin, _c1978. |
||
| 300 |
_axiii, 562 p. ; _c23 cm. |
||
| 504 | _aIncludes bibliographical references. | ||
| 500 | _aIncludes index. | ||
| 650 | 0 | _aInternational economic relations. | |
| 907 |
_a.b10279167 _b05-08-10 _c22-06-10 |
||
| 003 | |||
| 005 | 20230120134357.0 | ||
| 040 | _cNUST | ||
| 942 |
_cBOOKS _kHF1359 _mKIN |
||
| 999 |
_c96666 _d96666 |
||